• 首页
  • 本馆介绍
  • 公告通知
  • 最新文献
  • 馆藏检索
  • 电子资源
  • 读者导购
  • 参考咨询
  • 我的图书馆
  • 登录
  • 详细信息显示
  • 放入我的书架
  • 预约/预借图书
  • 作者相关作品
  • 分类相关作品
  • 丛书相关作品
  • 出版社相关作品

书目信息

  • 表格格式
  • 工作单格式
  • 卡片格式
题名:
短视频新动向
    
 
作者: 王乃考 著
分册:  
出版信息: 北京   化学工业出版社  2021
页数: 195页
开本: 24cm
丛书名:
单 册:
中图分类: F713.365.2-62 , F713.36
科图分类:
主题词: 网络营销--指南
电子资源:
ISBN: 978-7-122-38278-8
000 00906nam0 2200241 450
001 2252544657
005 20220929143559.66
010    @a978-7-122-38278-8@dCNY58.00
100    @a20210506d2021 em y0chiy50 ea
101 0  @achi
102    @aCN@b110000
105    @aa z 000yy
200 1  @a短视频新动向@9duan shi pin xin dong xiang@eVlog创作与运营指南@f王乃考著
210    @a北京@c化学工业出版社@d2021
215    @a195页@c图@d24cm
330    @a本书首先介绍了Vlog是什么,包括Vlog的起源、用户画像等;接着介绍了拍摄准备、拍摄技巧、后期剪辑等,包括脚本选定、器材选择、后期剪辑软件介绍等;最后介绍了Vlog的运营及变现,包括各平台的扶持政策、构建社区等。
517 1  @aVlog创作与运营指南@9Vlog chuang zuo yu yun ying zhi nan
606 0  @a网络营销@j指南
690    @aF713.365.2-62@v5
690    @aF713.36@v4
701  0 @a王乃考@9wang nai kao@4著
801  0 @aCN@b91MARC@c20210613
905    @aZUCC@dF713.36@e469
    
    短视频新动向:Vlog创作与运营指南/王乃考著.-北京:化学工业出版社,2021
    195页:图;24cm
    
    
    ISBN 978-7-122-38278-8:CNY58.00
    本书首先介绍了Vlog是什么,包括Vlog的起源、用户画像等;接着介绍了拍摄准备、拍摄技巧、后期剪辑等,包括脚本选定、器材选择、后期剪辑软件介绍等;最后介绍了Vlog的运营及变现,包括各平台的扶持政策、构建社区等。
●
相关链接 在五车中查询图书 在当当中查询图书 在豆瓣中查询图书


正题名:短视频新动向     索取号:F713.36/469         预约/预借

序号 登录号 条形码 馆藏地/架位号 状态 备注
1 2000906677   2000906677   第三书库/ [索取号:F713.36/469] 在馆    
2 2000906678   2000906678   第三书库/ [索取号:F713.36/469] 在馆    
3 2000906679   2000906679   第三书库/ [索取号:F713.36/469] 在馆    
山东省滨州职业学院图书馆 欢迎您!
大连网信软件有限公司© 版权所有